| 000 | 01357nam0a2200349 4500 | ||
|---|---|---|---|
| 001 | RU\NLR\bibl\1456980 | ||
| 005 | 20260406083213.0 | ||
| 010 |
_a978-5-9922-0455-1 _96000 |
||
| 021 |
_aRU _b2009-90605 _95715 |
||
| 035 | _a(nilc)RSL-KNO-004409197 | ||
| 035 | _a(NLR Aleph) 001448775 | ||
| 090 |
_a1509674 _c1509674 |
||
| 100 | _a20091105d2009 |||y0rusy50 ca | ||
| 101 | 0 | _arus | |
| 102 | _aRU | ||
| 105 | _aa ||||||||| | ||
| 200 | 1 |
_aКотт в сапогах _iПоспорить с судьбой _eроман _fСергей Ковалев _g[худож.: С. А. Григорьев] |
|
| 210 |
_aМосква _cАльфа-книга _cАрмада _d2009 |
||
| 215 |
_a312, [1] с. _cил. _d21 |
||
| 320 | _aДр. произведения авт. на 1-й с. | ||
| 686 |
_aШ5(2=Р)75-644.5 _2rubbk |
||
| 686 | _aШ6(2=Р)8-445 | ||
| 700 | 1 |
_4070 _8rus _7ca _aКовалев _bС. Ю. _cлитератор _gСергей Юрьевич _3RU\NLR\AUTH\7773758 _956686 |
|
| 702 | 1 |
_4040 _8rus _7ca _aГригорьев _bС. А. _cхудожник-иллюстратор _f1961- _gСергей Анатольевич _3RU\NLR\AUTH\7749471 _932406 |
|
| 801 | 0 |
_aRU _bРКП _c20091105 _grcr |
|
| 801 | 1 |
_aRU _bРГБ _c20091105 |
|
| 801 | 2 |
_aRU _bNLR _c20091224 _grcr |
|
| 942 | _cBOOK | ||
| 980 | _aNB | ||